| 000 | 01138cab a22002055a 4500 | ||
|---|---|---|---|
| 001 | L153609 | ||
| 008 | 110809s2011 xxk 000 0 eng d | ||
| 035 | _a(Sirsi) u153609 | ||
| 041 | 0 | _aeng | |
| 100 | 1 | _aFarmer, Mike | |
| 245 | 0 | 0 | _a£21bn London prime residential development boom due |
| 260 | _c2011 | ||
| 490 | 0 |
_aSustainablebuilding inc Propertyforecast _v(55) July 2011,14(1) |
|
| 520 | _aPotentially 9000 or more new prime residential development units in London with a value in excess of £21bn will arrive on the market within the next nine years according to EC Harris's recent study with a peak of 4000 units worth £8bn in 2014/2015. The wall of development reflects extensive planning activity with 'paper only' opportunities increasingly translating into site activity. Suggests ways in which the current and future markets can be beaten by creating certainty, confidence and control in developments. | ||
| 590 | _aKA | ||
| 651 | 4 | _aLondon | |
| 690 | _aPROPERTY-RESIDENTIAL PROPERTY-RESIDENTIAL PROPERTY MARKET | ||
| 690 | _aPROPERTY-RESIDENTIAL PROPERTY-RESIDENTIAL PROPERTY FINANCE AND INVESTMENT | ||
| 942 | _n0 | ||
| 999 |
_c83338 _d83338 |
||